Вып. 6; Региональная геология некоторых районов СССР

Bibliographische Detailangaben
Parent link:Региональная геология некоторых районов СССР: [сборник]/ Московский государственный университет им. М. В. Ломоносова (МГУ), Совет молодых ученых, Геологический факультет, Научное студенческое общество. Вып. 6.— , 1976-
Weitere Verfasser: Шаумян Л. В.
Sprache:Russisch
Veröffentlicht: 1983
Schlagworte:
Format: Buch
KOHA link:https://koha.lib.tpu.ru/cgi-bin/koha/opac-detail.pl?biblionumber=292204

MARC

LEADER 00000nam2a2200000 4500
001 292204
005 20231102000454.0
035 |a (RuTPU)RU\TPU\book\316819 
035 |a RU\TPU\book\316819 
035 |a RU\TPU\book\355709 
090 |a 292204 
100 |a 20170324d1983 k y0rusy50 ca 
101 0 |a rus 
102 |a RU 
105 |a a z 001zy 
200 0 |a Вып. 6  |f гл. ред. Л. В. Шаумян 
210 |d 1983 
215 |a 208 с.  |c ил. 
320 |a Библиогр. в конце ст. 
461 1 |0 (RuTPU)RU\TPU\book\307399  |t Региональная геология некоторых районов СССР  |o [сборник]  |f Московский государственный университет им. М. В. Ломоносова (МГУ), Совет молодых ученых, Геологический факультет, Научное студенческое общество  |v Вып. 6  |d 1976-  
606 1 |a Геология региональная  |2 stltpush  |3 (RuTPU)RU\TPU\subj\6120  |9 34078 
610 1 |a динамическая геология 
610 1 |a историческая геология 
610 1 |a полезные ископаемые 
610 1 |a петрография 
610 1 |a геохимия 
610 1 |a грунтоведение 
610 1 |a инженерная геология 
610 1 |a гидрогеология 
675 |a 55(1/9)  |v 4 
702 1 |a Шаумян  |b Л. В.  |4 651 
801 1 |a RU  |b 63413507  |c 20150421 
801 2 |a RU  |b 63413507  |c 20170324  |g RCR 
942 |c BK